Films avec Isabelle Carré par image - Statistiques

Statistiques générales
  • Ce quiz a été pris 11 fois
  • Le résultat moyen est 5 sur 16
Statistiques - réponses
Par images Réponse % Correct
De Gaulle
70%
Les Émotifs anonymes
70%
Se souvenir des belles choses
50%
Entre ses mains
30%
Et plus si affinités
30%
Jean Valjean
30%
Cherchez Hortense
20%
Délicieux
20%
Du vent dans mes mollets
20%
La Dégustation
20%
Le Refuge
20%
Marie Heurtin
20%
Quatre étoiles
20%
Tellement proches
20%
Anna M.
10%
Musée haut, musée bas
10%
Aucun quiz correspondant
Distribution des résultats
% des personnes avec chaque résultat
Percentile par nombre de réponses
Votre historique - résultats
Vous n’avez pas pris ce quiz